000 00788cam a22002414a 4500
001 11986789
005 20180209035233.0
008 000426s2001 nyua b 001 0 eng
010 _a 00032979
020 _a0765604736 (alk. paper)
040 _aDLC
_cDLC
_dDLC
041 _aeng
042 _apcc
080 _a338.88
082 0 0 _a338.88 YAN
_221
100 1 _a19
101 _aSHP
245 1 0 _aInternational joint ventures :
_cAimin Yan and Yadong Luo.
504 _aIncludes bibliographical references (p. 293-306) and index.
906 _a7
_bcbc
_corignew
_d1
_eocip
_f20
_gy-gencatlg
942 _2ddc
_cBK
999 _c42218
_d42218